000 00662nam a22001817a 4500
003 UA-OsUOA
001 12889
007 ta
008 20050530b un ||||| |||| 00| 0 ukr d
100 _aЧух І.
942 _cSA
040 _aUA-OsUOA
_cUA-OsUOA
_dUA-OsUOA
245 _aБанкіри завжди підтримають
_b[Про здобутки та перспективи банків обл. розповідає начальник упр. Нац. банку України в Рівнен. обл. І. Чух]
300 _aС.1
955 _a0
773 0 _w0
_tВісті Рівненщини
_dРівне
_d2005
_g№37/20 трав./
650 7 _2UDC
999 _c299050
_d299050